00883nam a22002057a 450000500170000000800410001702000180005804000250007604100080010108200200010910000340012924501570016326000600032030000390038050200860041954600390050565000590054470000280060385600460063120150304133059.0150304b2014 ne ||||| |||| 00| 0 spa d a9789036536851 aCo-BoIAvHcCo-BoIAvH aeng04a641.33851bM33a1 aMarin-Burgos, Victoriad1976-10aAccess, power and justice in commodity frontiers: bthe political ecology of access to land and palm oil expansion in Colombia/cVictoria Marín Burgos aEnschede, Países Bajos:bUniversity of Twente.c2014. a281 p.btablas, gráficasc24 cm. aTesis doctoral para obtener el grado de doctor en la Universidad de Twente (CSTM) aResumen en español y holandés. 4aEcología políticavtesis y disertacioneszColombia1 aLovett, Jon, C.easesor uhttp://dx.doi.org/10.3990/1.9789036536851